[Event "DVM U20 2020"]
[Site "Willingen GER"]
[Date "2021.06.27"]
[Round "7"]
[White "Bornholdt, Joa Max"]
[Black "Kartsev, Nikolay"]
[Result "0-1"]
[Termination "normal"]
[Board "5.3"]
[WhiteElo "1998"]
[BlackElo "2043"]
[WhiteClock "00:08:26"]
[BlackClock "00:04:29"]
[WhiteTeam "Lübecker SV von 1873"]
[BlackTeam "Schachfreunde Brackel 1930 e. V."]
[PlyCount "112"]
[WhiteFideId "16253477"]
[BlackFideId "12939536"]
[EventCountry "GER"]
[EventRounds "7"]
[EventType "team-swiss"]
[EventDate "2021.06.23"]

1. d4 {[%clk 01:30:43]} {[%emt 00:00:16]} Nf6 {[%clk 01:30:53]} {[%emt
00:00:07]} 2. c4 {[%clk 01:31:08]} {[%emt 00:00:05]} e6 {[%clk 01:31:16]}
{[%emt 00:00:07]} 3. Nc3 {[%clk 01:31:33]} {[%emt 00:00:05]} Bb4 {[%clk
01:31:38]} {[%emt 00:00:07]} 4. f3 {[%clk 01:31:59]} {[%emt 00:00:05]} c5
{[%clk 01:22:10]} {[%emt 00:09:58]} 5. a3 {[%clk 01:31:35]} {[%emt 00:00:54]}
Bxc3+ {[%clk 01:22:04]} {[%emt 00:00:35]} 6. bxc3 {[%clk 01:31:59]} {[%emt
00:00:06]} d5 {[%clk 01:12:00]} {[%emt 00:10:34]} 7. e3 {[%clk 01:32:20]}
{[%emt 00:00:09]} Nc6 {[%clk 01:10:11]} {[%emt 00:02:19]} 8. cxd5 {[%clk
01:31:53]} {[%emt 00:00:57]} exd5 {[%clk 01:07:02]} {[%emt 00:03:38]} 9. Bd3
{[%clk 01:32:10]} {[%emt 00:00:13]} O-O {[%clk 01:05:47]} {[%emt 00:01:45]} 10.
Ne2 {[%clk 01:32:07]} {[%emt 00:00:33]} Re8 {[%clk 01:04:23]} {[%emt 00:01:54]}
11. O-O {[%clk 01:32:24]} {[%emt 00:00:13]} b6 {[%clk 00:59:48]} {[%emt
00:05:05]} 12. Ng3 {[%clk 01:31:18]} {[%emt 00:01:36]} Qc7 {[%clk 00:58:57]}
{[%emt 00:01:20]} 13. Ra2 {[%clk 01:28:10]} {[%emt 00:03:39]} Bb7 {[%clk
00:56:47]} {[%emt 00:02:40]} 14. Re2 {[%clk 01:20:12]} {[%emt 00:08:28]} Re6
{[%clk 00:51:14]} {[%emt 00:06:03]} 15. Bb2 {[%clk 01:17:03]} {[%emt 00:03:39]}
Rd8 {[%clk 00:47:51]} {[%emt 00:03:52]} 16. Qe1 {[%clk 01:15:04]} {[%emt
00:02:29]} Qe7 {[%clk 00:40:55]} {[%emt 00:07:27]} 17. Qf2 {[%clk 01:10:30]}
{[%emt 00:05:03]} Qf8 {[%clk 00:31:17]} {[%emt 00:10:08]} 18. e4 {[%clk
00:54:15]} {[%emt 00:16:46]} dxe4 {[%clk 00:29:38]} {[%emt 00:02:10]} 19. fxe4
{[%clk 00:53:39]} {[%emt 00:01:05]} Ng4 {[%clk 00:28:17]} {[%emt 00:01:50]} 20.
Qf4 {[%clk 00:41:55]} {[%emt 00:12:14]} Nge5 {[%clk 00:27:39]} {[%emt
00:01:07]} 21. Qe3 {[%clk 00:36:39]} {[%emt 00:05:47]} Ng4 {[%clk 00:21:20]}
{[%emt 00:06:49]} 22. Qd2 {[%clk 00:26:15]} {[%emt 00:10:53]} cxd4 {[%clk
00:16:34]} {[%emt 00:05:17]} 23. Kh1 {[%clk 00:22:25]} {[%emt 00:04:21]} Qc5
{[%clk 00:13:34]} {[%emt 00:03:29]} 24. cxd4 {[%clk 00:18:26]} {[%emt
00:04:30]} Nxd4 {[%clk 00:13:24]} {[%emt 00:00:40]} 25. Nf5 {[%clk 00:18:51]}
{[%emt 00:00:05]} Nxe2 {[%clk 00:09:55]} {[%emt 00:03:58]} 26. Qxe2 {[%clk
00:18:01]} {[%emt 00:01:21]} Ne5 {[%clk 00:08:54]} {[%emt 00:01:31]} 27. Qh5
{[%clk 00:15:58]} {[%emt 00:02:32]} Rxd3 {[%clk 00:05:32]} {[%emt 00:03:52]}
28. Bxe5 {[%clk 00:16:03]} {[%emt 00:00:25]} f6 {[%clk 00:03:18]} {[%emt
00:02:44]} 29. Qg4 {[%clk 00:12:33]} {[%emt 00:04:01]} g6 {[%clk 00:03:24]}
{[%emt 00:00:23]} 30. Nh6+ {[%clk 00:10:25]} {[%emt 00:02:38]} Kg7 {[%clk
00:03:50]} {[%emt 00:00:03]} 31. Qxe6 {[%clk 00:03:59]} {[%emt 00:06:57]} Qxe5
{[%clk 00:03:35]} {[%emt 00:00:45]} 32. Qf7+ {[%clk 00:04:21]} {[%emt
00:00:08]} Kxh6 {[%clk 00:03:42]} {[%emt 00:00:23]} 33. Qxb7 {[%clk 00:04:39]}
{[%emt 00:00:13]} Qf4 {[%clk 00:02:57]} {[%emt 00:01:14]} 34. Rg1 {[%clk
00:04:53]} {[%emt 00:00:17]} Rxa3 {[%clk 00:02:11]} {[%emt 00:01:16]} 35. Qf7
{[%clk 00:04:41]} {[%emt 00:00:41]} Qd6 {[%clk 00:01:26]} {[%emt 00:01:13]} 36.
h3 {[%clk 00:03:16]} {[%emt 00:01:59]} a5 {[%clk 00:00:33]} {[%emt 00:01:22]}
37. Rf1 {[%clk 00:03:11]} {[%emt 00:00:34]} Rd3 {[%clk 00:00:40]} {[%emt
00:00:23]} 38. e5 {[%clk 00:02:19]} {[%emt 00:01:23]} Qxe5 {[%clk 00:00:33]}
{[%emt 00:00:36]} 39. Qf8+ {[%clk 00:02:41]} {[%emt 00:00:10]} Kg5 {[%clk
00:00:39]} {[%emt 00:00:24]} 40. Qg8 {[%clk 00:01:13]} {[%emt 00:01:58]} h5
{[%clk 00:00:33]} {[%emt 00:00:35]} 41. h4+ {[%clk 00:30:24]} {[%emt 00:01:20]}
Kxh4 {[%clk 00:29:07]} {[%emt 00:01:55]} 42. Qxg6 {[%clk 00:29:58]} {[%emt
00:00:55]} Rg3 {[%clk 00:22:56]} {[%emt 00:06:41]} 43. Qc2 {[%clk 00:25:06]}
{[%emt 00:05:23]} Re3 {[%clk 00:20:53]} {[%emt 00:02:32]} 44. Qc4+ {[%clk
00:22:45]} {[%emt 00:02:51]} Re4 {[%clk 00:20:30]} {[%emt 00:00:53]} 45. Qa2
{[%clk 00:19:44]} {[%emt 00:03:31]} a4 {[%clk 00:14:59]} {[%emt 00:06:01]} 46.
Qf7 {[%clk 00:14:40]} {[%emt 00:05:33]} Re1 {[%clk 00:10:28]} {[%emt 00:05:00]}
47. Qc4+ {[%clk 00:12:03]} {[%emt 00:03:09]} Qe4 {[%clk 00:10:43]} {[%emt
00:00:16]} 48. Qb5 {[%clk 00:10:57]} {[%emt 00:01:36]} a3 {[%clk 00:09:46]}
{[%emt 00:01:27]} 49. Kg1 {[%clk 00:09:50]} {[%emt 00:01:37]} Qd4+ {[%clk
00:08:51]} {[%emt 00:01:25]} 50. Kh1 {[%clk 00:10:00]} {[%emt 00:00:20]} Rxf1+
{[%clk 00:08:13]} {[%emt 00:01:09]} 51. Qxf1 {[%clk 00:10:28]} {[%emt
00:00:02]} a2 {[%clk 00:06:23]} {[%emt 00:02:20]} 52. g3+ {[%clk 00:10:38]}
{[%emt 00:00:21]} Kg5 {[%clk 00:05:37]} {[%emt 00:01:15]} 53. Qc1+ {[%clk
00:10:45]} {[%emt 00:00:22]} Kg4 {[%clk 00:04:02]} {[%emt 00:02:05]} 54. Qc8+
{[%clk 00:10:18]} {[%emt 00:00:57]} Kf3 {[%clk 00:03:58]} {[%emt 00:00:35]} 55.
Qa8+ {[%clk 00:10:01]} {[%emt 00:00:47]} Qe4 {[%clk 00:04:13]} {[%emt
00:00:15]} 56. g4 {[%clk 00:08:26]} {[%emt 00:02:05]} Qxa8 {[%clk 00:04:29]}
{[%emt 00:00:13]} 0-1

[Event "DVM U20 2020"]
[Site "Willingen GER"]
[Date "2021.06.27"]
[Round "7"]
[White "Skabs, Denis"]
[Black "Tiedemann, Fin Niklas"]
[Result "1-0"]
[Termination "normal"]
[Board "5.4"]
[WhiteElo "1939"]
[BlackElo "1945"]
[WhiteClock "01:32:51"]
[BlackClock "00:12:28"]
[WhiteTeam "Schachfreunde Brackel 1930 e. V."]
[BlackTeam "Lübecker SV von 1873"]
[PlyCount "59"]
[WhiteFideId "16248449"]
[BlackFideId "12936936"]
[EventCountry "GER"]
[EventRounds "7"]
[EventType "team-swiss"]
[EventDate "2021.06.23"]

1. e4 {[%clk 01:30:56]} {[%emt 00:00:03]} e5 {[%clk 01:30:57]} {[%emt
00:00:04]} 2. Nf3 {[%clk 01:31:21]} {[%emt 00:00:05]} Nc6 {[%clk 01:31:24]}
{[%emt 00:00:03]} 3. Bc4 {[%clk 01:31:46]} {[%emt 00:00:06]} Bc5 {[%clk
01:31:45]} {[%emt 00:00:08]} 4. c3 {[%clk 01:32:02]} {[%emt 00:00:14]} Nf6
{[%clk 01:32:08]} {[%emt 00:00:07]} 5. d4 {[%clk 01:32:27]} {[%emt 00:00:06]}
exd4 {[%clk 01:32:22]} {[%emt 00:00:15]} 6. cxd4 {[%clk 01:32:49]} {[%emt
00:00:08]} Bb4+ {[%clk 01:32:45]} {[%emt 00:00:06]} 7. Nc3 {[%clk 01:33:15]}
{[%emt 00:00:05]} Nxe4 {[%clk 01:28:26]} {[%emt 00:04:48]} 8. O-O {[%clk
01:32:32]} {[%emt 00:01:12]} Bxc3 {[%clk 01:28:18]} {[%emt 00:00:38]} 9. d5
{[%clk 01:32:55]} {[%emt 00:00:07]} Bf6 {[%clk 01:28:15]} {[%emt 00:00:33]} 10.
Re1 {[%clk 01:33:11]} {[%emt 00:00:14]} Ne7 {[%clk 01:20:00]} {[%emt 00:08:45]}
11. Rxe4 {[%clk 01:33:17]} {[%emt 00:00:25]} d6 {[%clk 01:20:24]} {[%emt
00:00:06]} 12. Bg5 {[%clk 01:33:36]} {[%emt 00:00:10]} Bxg5 {[%clk 01:19:26]}
{[%emt 00:01:27]} 13. Nxg5 {[%clk 01:33:59]} {[%emt 00:00:07]} h6 {[%clk
01:11:31]} {[%emt 00:08:26]} 14. Qe2 {[%clk 01:34:19]} {[%emt 00:00:10]} hxg5
{[%clk 01:04:35]} {[%emt 00:07:25]} 15. Re1 {[%clk 01:34:41]} {[%emt 00:00:09]}
O-O {[%clk 01:03:00]} {[%emt 00:02:04]} 16. Rxe7 {[%clk 01:34:57]} {[%emt
00:00:15]} g6 {[%clk 00:53:30]} {[%emt 00:10:00]} 17. Qe3 {[%clk 01:32:18]}
{[%emt 00:03:09]} Bd7 {[%clk 00:49:17]} {[%emt 00:04:43]} 18. Qxg5 {[%clk
01:31:51]} {[%emt 00:00:57]} Re8 {[%clk 00:46:30]} {[%emt 00:03:17]} 19. Qf6
{[%clk 01:32:00]} {[%emt 00:00:21]} Rxe7 {[%clk 00:20:05]} {[%emt 00:26:53]}
20. Rxe7 {[%clk 01:32:23]} {[%emt 00:00:08]} Be8 {[%clk 00:18:32]} {[%emt
00:02:03]} 21. Bd3 {[%clk 01:32:27]} {[%emt 00:00:27]} a5 {[%clk 00:13:51]}
{[%emt 00:05:11]} 22. Bxg6 {[%clk 01:31:27]} {[%emt 00:01:30]} Qxe7 {[%clk
00:14:14]} {[%emt 00:00:07]} 23. Qxe7 {[%clk 01:31:48]} {[%emt 00:00:09]} fxg6
{[%clk 00:14:39]} {[%emt 00:00:04]} 24. Qxc7 {[%clk 01:32:10]} {[%emt
00:00:08]} b5 {[%clk 00:13:32]} {[%emt 00:01:37]} 25. Qxd6 {[%clk 01:32:21]}
{[%emt 00:00:20]} Bf7 {[%clk 00:13:28]} {[%emt 00:00:34]} 26. h3 {[%clk
01:31:55]} {[%emt 00:00:56]} b4 {[%clk 00:12:50]} {[%emt 00:01:07]} 27. Qc6
{[%clk 01:32:11]} {[%emt 00:00:14]} Rd8 {[%clk 00:13:07]} {[%emt 00:00:13]} 28.
d6 {[%clk 01:32:36]} {[%emt 00:00:05]} Kf8 {[%clk 00:12:25]} {[%emt 00:01:11]}
29. Qc7 {[%clk 01:32:51]} {[%emt 00:00:16]} Ke8 {[%clk 00:12:28]} {[%emt
00:00:27]} 30. Qe7# {[%emt 00:00:06]} 1-0

[Event "DVM U20 2020"]
[Site "Willingen GER"]
[Date "2021.06.27"]
[Round "7"]
[White "Glinzner, Alva"]
[Black "Seref, Erdogan"]
[Result "0-1"]
[Termination "normal"]
[Board "5.5"]
[WhiteElo "1855"]
[BlackElo "1985"]
[WhiteClock "00:00:55"]
[BlackClock "00:02:28"]
[WhiteTeam "Lübecker SV von 1873"]
[BlackTeam "Schachfreunde Brackel 1930 e. V."]
[PlyCount "152"]
[WhiteFideId "16206169"]
[BlackFideId "16206827"]
[EventCountry "GER"]
[EventRounds "7"]
[EventType "team-swiss"]
[EventDate "2021.06.23"]

1. e4 {[%clk 01:30:58]} {[%emt 00:00:01]} e5 {[%clk 01:30:42]} {[%emt
00:00:18]} 2. Nf3 {[%clk 01:30:27]} {[%emt 00:01:01]} Nc6 {[%clk 01:30:52]}
{[%emt 00:00:19]} 3. Bb5 {[%clk 01:30:35]} {[%emt 00:00:21]} a6 {[%clk
01:31:11]} {[%emt 00:00:10]} 4. Bxc6 {[%clk 01:30:31]} {[%emt 00:00:35]} dxc6
{[%clk 01:31:35]} {[%emt 00:00:06]} 5. O-O {[%clk 01:30:54]} {[%emt 00:00:08]}
Qf6 {[%clk 01:30:49]} {[%emt 00:01:15]} 6. d4 {[%clk 01:02:29]} {[%emt
00:28:56]} exd4 {[%clk 01:30:01]} {[%emt 00:01:18]} 7. Qxd4 {[%clk 01:02:15]}
{[%emt 00:00:44]} Qxd4 {[%clk 01:22:55]} {[%emt 00:07:36]} 8. Nxd4 {[%clk
01:02:44]} {[%emt 00:00:01]} Bd7 {[%clk 01:22:19]} {[%emt 00:01:05]} 9. Be3
{[%clk 01:00:03]} {[%emt 00:03:11]} O-O-O {[%clk 01:20:47]} {[%emt 00:02:02]}
10. Ne2 {[%clk 00:58:44]} {[%emt 00:01:50]} Ne7 {[%clk 01:17:44]} {[%emt
00:03:32]} 11. Nbc3 {[%clk 00:56:42]} {[%emt 00:02:32]} Ng6 {[%clk 01:16:32]}
{[%emt 00:01:43]} 12. f3 {[%clk 00:54:02]} {[%emt 00:03:10]} Bd6 {[%clk
01:12:01]} {[%emt 00:05:00]} 13. Rad1 {[%clk 00:40:31]} {[%emt 00:14:01]} Rde8
{[%clk 01:09:12]} {[%emt 00:03:19]} 14. Bf2 {[%clk 00:34:04]} {[%emt 00:06:58]}
h5 {[%clk 00:58:17]} {[%emt 00:11:25]} 15. Na4 {[%clk 00:29:51]} {[%emt
00:04:42]} Kb8 {[%clk 00:39:42]} {[%emt 00:19:05]} 16. b3 {[%clk 00:23:06]}
{[%emt 00:07:16]} f5 {[%clk 00:33:04]} {[%emt 00:07:08]} 17. Nec3 {[%clk
00:16:42]} {[%emt 00:06:54]} Nf4 {[%clk 00:27:48]} {[%emt 00:05:46]} 18. Bc5
{[%clk 00:11:28]} {[%emt 00:05:45]} Bxc5+ {[%clk 00:24:51]} {[%emt 00:03:26]}
19. Nxc5 {[%clk 00:11:55]} {[%emt 00:00:02]} Bc8 {[%clk 00:24:52]} {[%emt
00:00:29]} 20. Rfe1 {[%clk 00:10:50]} {[%emt 00:01:37]} b6 {[%clk 00:23:19]}
{[%emt 00:02:03]} 21. Nd3 {[%clk 00:09:09]} {[%emt 00:02:10]} Ng6 {[%clk
00:21:37]} {[%emt 00:02:13]} 22. Re2 {[%clk 00:05:32]} {[%emt 00:04:07]} fxe4
{[%clk 00:17:58]} {[%emt 00:04:08]} 23. Nxe4 {[%clk 00:05:03]} {[%emt
00:00:59]} Bf5 {[%clk 00:16:33]} {[%emt 00:01:55]} 24. Rde1 {[%clk 00:04:55]}
{[%emt 00:00:38]} Rd8 {[%clk 00:15:26]} {[%emt 00:01:37]} 25. Nef2 {[%clk
00:04:14]} {[%emt 00:01:11]} h4 {[%clk 00:14:43]} {[%emt 00:01:13]} 26. Re3
{[%clk 00:03:05]} {[%emt 00:01:39]} Kb7 {[%clk 00:14:22]} {[%emt 00:00:50]} 27.
Ne4 {[%clk 00:02:55]} {[%emt 00:00:40]} Rd4 {[%clk 00:12:21]} {[%emt 00:02:31]}
28. Nef2 {[%clk 00:00:45]} {[%emt 00:02:41]} a5 {[%clk 00:09:55]} {[%emt
00:02:56]} 29. Ne4 {[%clk 00:00:42]} {[%emt 00:00:33]} a4 {[%clk 00:08:45]}
{[%emt 00:01:39]} 30. Nb2 {[%clk 00:00:36]} {[%emt 00:00:36]} axb3 {[%clk
00:08:49]} {[%emt 00:00:27]} 31. axb3 {[%clk 00:00:57]} {[%emt 00:00:09]} Ra8
{[%clk 00:08:22]} {[%emt 00:00:57]} 32. Na4 {[%clk 00:01:12]} {[%emt 00:00:16]}
Nf4 {[%clk 00:07:38]} {[%emt 00:01:13]} 33. g3 {[%clk 00:01:02]} {[%emt
00:00:41]} hxg3 {[%clk 00:06:57]} {[%emt 00:01:11]} 34. hxg3 {[%clk 00:01:31]}
Nd5 {[%clk 00:06:30]} {[%emt 00:00:56]} 35. R3e2 {[%clk 00:01:45]} {[%emt
00:00:16]} c5 {[%clk 00:04:31]} {[%emt 00:02:29]} 36. c3 {[%clk 00:01:42]}
{[%emt 00:00:33]} Rdxa4 {[%clk 00:02:18]} {[%emt 00:02:43]} 37. bxa4 {[%clk
00:02:11]} Rxa4 {[%clk 00:02:45]} {[%emt 00:00:02]} 38. Rc1 {[%clk 00:00:51]}
{[%emt 00:01:50]} Rc4 {[%clk 00:02:20]} {[%emt 00:00:55]} 39. Rd2 {[%clk
00:00:37]} {[%emt 00:00:45]} Bxe4 {[%clk 00:01:52]} {[%emt 00:00:57]} 40. fxe4
{[%clk 00:00:54]} {[%emt 00:00:14]} Nxc3 {[%clk 00:01:35]} {[%emt 00:00:46]}
41. Rdc2 {[%clk 00:27:59]} {[%emt 00:03:25]} Ne2+ {[%clk 00:30:53]} {[%emt
00:01:12]} 42. Kf2 {[%clk 00:28:28]} Rxc2 {[%clk 00:30:32]} 43. Rxc2 {[%clk
00:28:58]} Nd4 {[%clk 00:30:54]} {[%emt 00:00:07]} 44. Rc1 {[%clk 00:28:54]}
{[%emt 00:00:35]} Kc6 {[%clk 00:30:17]} {[%emt 00:01:06]} 45. Ke3 {[%clk
00:28:56]} {[%emt 00:00:28]} Kd6 {[%clk 00:29:53]} {[%emt 00:00:54]} 46. Rh1
{[%clk 00:28:22]} {[%emt 00:01:04]} g5 {[%clk 00:29:10]} {[%emt 00:01:13]} 47.
Rh8 {[%clk 00:27:19]} {[%emt 00:01:33]} Ke5 {[%clk 00:27:31]} {[%emt 00:02:08]}
48. Re8+ {[%clk 00:23:29]} {[%emt 00:04:21]} Ne6 {[%clk 00:27:56]} {[%emt
00:00:05]} 49. Kd3 {[%clk 00:23:01]} {[%emt 00:00:58]} b5 {[%clk 00:26:51]}
{[%emt 00:01:34]} 50. Kc3 {[%clk 00:22:31]} {[%emt 00:00:59]} c4 {[%clk
00:22:15]} {[%emt 00:05:06]} 51. Rb8 {[%clk 00:21:12]} {[%emt 00:01:49]} Nd4
{[%clk 00:18:55]} {[%emt 00:03:51]} 52. Re8+ {[%clk 00:21:20]} {[%emt
00:00:21]} Ne6 {[%clk 00:19:11]} {[%emt 00:00:14]} 53. Rb8 {[%clk 00:21:44]}
{[%emt 00:00:06]} c6 {[%clk 00:19:00]} {[%emt 00:00:42]} 54. Rb6 {[%clk
00:19:08]} {[%emt 00:03:07]} Nd4 {[%clk 00:17:58]} {[%emt 00:01:32]} 55. g4
{[%clk 00:15:25]} {[%emt 00:04:13]} Kxe4 {[%clk 00:17:13]} {[%emt 00:01:15]}
56. Rb8 {[%clk 00:15:25]} {[%emt 00:00:29]} Kd5 {[%clk 00:15:04]} {[%emt
00:02:38]} 57. Rg8 {[%clk 00:14:39]} {[%emt 00:01:17]} Ne6 {[%clk 00:14:02]}
{[%emt 00:01:33]} 58. Rb8 {[%clk 00:13:10]} {[%emt 00:01:59]} Kc5 {[%clk
00:11:43]} {[%emt 00:02:49]} 59. Rb7 {[%clk 00:11:50]} {[%emt 00:01:51]} Nd4
{[%clk 00:11:04]} {[%emt 00:01:09]} 60. Rg7 {[%clk 00:09:42]} {[%emt 00:02:39]}
b4+ {[%clk 00:10:55]} {[%emt 00:00:38]} 61. Kd2 {[%clk 00:09:24]} {[%emt
00:00:47]} Nf3+ {[%clk 00:10:21]} {[%emt 00:01:04]} 62. Ke3 {[%clk 00:09:01]}
{[%emt 00:00:53]} c3 {[%clk 00:09:21]} {[%emt 00:01:31]} 63. Kd3 {[%clk
00:09:15]} {[%emt 00:00:15]} Ne5+ {[%clk 00:08:10]} {[%emt 00:01:42]} 64. Kc2
{[%clk 00:09:27]} {[%emt 00:00:18]} Kc4 {[%clk 00:08:14]} {[%emt 00:00:26]} 65.
Re7 {[%clk 00:07:31]} {[%emt 00:02:26]} Nf3 {[%clk 00:06:48]} {[%emt 00:01:55]}
66. Re3 {[%clk 00:06:12]} {[%emt 00:01:49]} b3+ {[%clk 00:05:15]} {[%emt
00:02:03]} 67. Kc1 {[%clk 00:05:33]} {[%emt 00:01:09]} b2+ {[%clk 00:05:02]}
{[%emt 00:00:43]} 68. Kc2 {[%clk 00:05:46]} {[%emt 00:00:17]} Nd4+ {[%clk
00:05:02]} {[%emt 00:00:30]} 69. Kb1 {[%clk 00:05:57]} {[%emt 00:00:19]} Kb3
{[%clk 00:05:00]} {[%emt 00:00:32]} 70. Re2 {[%clk 00:06:01]} {[%emt 00:00:27]}
Kc4 {[%clk 00:03:41]} {[%emt 00:01:48]} 71. Re3 {[%clk 00:06:12]} {[%emt
00:00:19]} c5 {[%clk 00:03:06]} {[%emt 00:01:05]} 72. Rh3 {[%clk 00:05:24]}
{[%emt 00:01:18]} Kb4 {[%clk 00:02:24]} {[%emt 00:01:12]} 73. Re3 {[%clk
00:04:50]} {[%emt 00:01:04]} Nb3 {[%clk 00:02:16]} {[%emt 00:00:38]} 74. Re4+
{[%clk 00:00:35]} {[%emt 00:04:46]} c4 {[%clk 00:02:13]} {[%emt 00:00:33]} 75.
Kc2 {[%clk 00:00:33]} {[%emt 00:00:32]} b1=Q+ {[%clk 00:02:28]} {[%emt
00:00:15]} 76. Kxb1 {[%clk 00:00:55]} {[%emt 00:00:08]} Nd2+ {[%emt 00:00:21]}
0-1

[Event "DVM U20 2020"]
[Site "Willingen GER"]
[Date "2021.06.27"]
[Round "7"]
[White "Bartelt, Max Peter"]
[Black "Sommer, Justus"]
[Result "1/2-1/2"]
[Termination "normal"]
[Board "5.6"]
[WhiteElo "1823"]
[BlackElo "1744"]
[WhiteClock "00:16:40"]
[BlackClock "00:16:04"]
[WhiteTeam "Schachfreunde Brackel 1930 e. V."]
[BlackTeam "Lübecker SV von 1873"]
[PlyCount "102"]
[WhiteFideId "12967289"]
[BlackFideId "16245008"]
[EventCountry "GER"]
[EventRounds "7"]
[EventType "team-swiss"]
[EventDate "2021.06.23"]

1. d4 {[%clk 01:30:54]} {[%emt 00:00:05]} d5 {[%clk 01:30:36]} {[%emt
00:00:23]} 2. Nf3 {[%clk 01:30:35]} {[%emt 00:00:50]} Nf6 {[%clk 01:30:53]}
{[%emt 00:00:12]} 3. g3 {[%clk 01:30:58]} {[%emt 00:00:08]} e6 {[%clk
01:31:14]} {[%emt 00:00:08]} 4. Bg2 {[%clk 01:31:25]} {[%emt 00:00:05]} Be7
{[%clk 01:31:06]} {[%emt 00:00:36]} 5. O-O {[%clk 01:31:52]} {[%emt 00:00:05]}
O-O {[%clk 01:31:18]} {[%emt 00:00:16]} 6. c4 {[%clk 01:32:21]} {[%emt
00:00:03]} dxc4 {[%clk 01:30:48]} {[%emt 00:01:00]} 7. Qc2 {[%clk 01:32:19]}
{[%emt 00:00:33]} a6 {[%clk 01:30:52]} {[%emt 00:00:25]} 8. Qxc4 {[%clk
01:32:32]} {[%emt 00:00:17]} b5 {[%clk 01:31:13]} {[%emt 00:00:08]} 9. Qc2
{[%clk 01:32:47]} {[%emt 00:00:16]} Bb7 {[%clk 01:31:01]} {[%emt 00:00:42]} 10.
Bf4 {[%clk 01:32:33]} {[%emt 00:00:45]} Nc6 {[%clk 01:27:34]} {[%emt 00:03:56]}
11. Rd1 {[%clk 01:31:47]} {[%emt 00:01:14]} Nb4 {[%clk 01:24:29]} {[%emt
00:03:36]} 12. Qc1 {[%clk 01:27:19]} {[%emt 00:04:59]} Rc8 {[%clk 01:20:58]}
{[%emt 00:04:01]} 13. Nc3 {[%clk 01:26:38]} {[%emt 00:01:11]} Nbd5 {[%clk
01:19:20]} {[%emt 00:02:07]} 14. Be5 {[%clk 01:18:25]} {[%emt 00:08:44]} Qe8
{[%clk 01:08:58]} {[%emt 00:10:51]} 15. Qd2 {[%clk 01:15:59]} {[%emt 00:02:56]}
c5 {[%clk 01:06:29]} {[%emt 00:03:00]} 16. dxc5 {[%clk 01:15:16]} {[%emt
00:01:14]} Bxc5 {[%clk 01:06:03]} {[%emt 00:00:55]} 17. Nxd5 {[%clk 01:14:44]}
{[%emt 00:01:02]} Nxd5 {[%clk 01:05:07]} {[%emt 00:01:26]} 18. e4 {[%clk
01:04:30]} {[%emt 00:10:44]} Ne7 {[%clk 01:03:17]} {[%emt 00:02:20]} 19. b4
{[%clk 00:57:45]} {[%emt 00:07:15]} Bb6 {[%clk 01:01:48]} {[%emt 00:01:58]} 20.
Nd4 {[%clk 00:44:35]} {[%emt 00:13:42]} Rd8 {[%clk 00:51:50]} {[%emt 00:10:28]}
21. Qb2 {[%clk 00:34:56]} {[%emt 00:10:09]} f6 {[%clk 00:39:01]} {[%emt
00:13:19]} 22. Nxe6 {[%clk 00:30:21]} {[%emt 00:05:05]} Rxd1+ {[%clk 00:38:04]}
{[%emt 00:01:27]} 23. Rxd1 {[%clk 00:30:48]} {[%emt 00:00:03]} Nc6 {[%clk
00:33:38]} {[%emt 00:04:55]} 24. Bc7 {[%clk 00:21:53]} {[%emt 00:09:27]} Bxf2+
{[%clk 00:29:12]} {[%emt 00:04:56]} 25. Qxf2 {[%clk 00:22:11]} {[%emt
00:00:11]} Qxe6 {[%clk 00:29:33]} {[%emt 00:00:09]} 26. Qb6 {[%clk 00:20:19]}
{[%emt 00:02:23]} Ba8 {[%clk 00:21:36]} {[%emt 00:08:27]} 27. e5 {[%clk
00:17:01]} {[%emt 00:03:47]} Qg4 {[%clk 00:20:23]} {[%emt 00:01:43]} 28. Bd5+
{[%clk 00:14:42]} {[%emt 00:02:50]} Kh8 {[%clk 00:20:32]} {[%emt 00:00:20]} 29.
Rd2 {[%clk 00:14:44]} {[%emt 00:00:28]} Qxb4 {[%clk 00:20:04]} {[%emt
00:00:58]} 30. Rf2 {[%clk 00:10:40]} {[%emt 00:04:34]} Qd4 {[%clk 00:11:48]}
{[%emt 00:08:47]} 31. Qxd4 {[%clk 00:06:12]} {[%emt 00:04:58]} Nxd4 {[%clk
00:12:09]} {[%emt 00:00:09]} 32. Bxa8 {[%clk 00:06:34]} {[%emt 00:00:08]} Rxa8
{[%clk 00:12:31]} {[%emt 00:00:07]} 33. exf6 {[%clk 00:06:56]} {[%emt
00:00:08]} gxf6 {[%clk 00:11:52]} {[%emt 00:01:09]} 34. Rxf6 {[%clk 00:07:18]}
{[%emt 00:00:08]} Kg8 {[%clk 00:11:42]} {[%emt 00:00:40]} 35. Be5 {[%clk
00:07:04]} {[%emt 00:00:44]} Nc2 {[%clk 00:10:34]} {[%emt 00:01:39]} 36. Rb6
{[%clk 00:04:35]} {[%emt 00:02:59]} Kf7 {[%clk 00:06:07]} {[%emt 00:04:56]} 37.
Rh6 {[%clk 00:03:57]} {[%emt 00:01:08]} Kg8 {[%clk 00:05:50]} {[%emt 00:00:48]}
38. Rb6 {[%clk 00:01:59]} {[%emt 00:02:27]} Kf7 {[%clk 00:06:05]} {[%emt
00:00:16]} 39. Kf2 {[%clk 00:02:28]} {[%emt 00:00:01]} Nb4 {[%clk 00:04:43]}
{[%emt 00:01:51]} 40. Rf6+ {[%clk 00:02:19]} {[%emt 00:00:39]} Ke7 {[%clk
00:04:20]} {[%emt 00:00:54]} 41. Ba1 {[%clk 00:00:50]} {[%emt 00:01:58]} Nxa2
{[%clk 00:03:20]} {[%emt 00:01:30]} 42. Rh6 {[%clk 00:01:16]} {[%emt 00:00:04]}
Rf8+ {[%clk 00:02:37]} {[%emt 00:01:14]} 43. Ke3 {[%clk 00:30:29]} {[%emt
00:01:17]} Nb4 {[%clk 00:30:37]} {[%emt 00:02:29]} 44. Ke4 {[%clk 00:30:24]}
{[%emt 00:00:34]} Rf7 {[%clk 00:30:04]} {[%emt 00:01:04]} 45. Bc3 {[%clk
00:30:12]} {[%emt 00:00:43]} Na2 {[%clk 00:28:49]} {[%emt 00:01:45]} 46. Bd4
{[%clk 00:29:51]} {[%emt 00:00:50]} a5 {[%clk 00:26:48]} {[%emt 00:02:31]} 47.
Ra6 {[%clk 00:29:16]} {[%emt 00:01:07]} a4 {[%clk 00:25:12]} {[%emt 00:02:06]}
48. Ke5 {[%clk 00:26:59]} {[%emt 00:02:47]} Ke8 {[%clk 00:22:51]} {[%emt
00:02:51]} 49. Bc5 {[%clk 00:23:47]} {[%emt 00:03:40]} Rf1 {[%clk 00:18:51]}
{[%emt 00:04:30]} 50. Ra7 {[%clk 00:16:52]} {[%emt 00:07:27]} Re1+ {[%clk
00:18:25]} {[%emt 00:00:55]} 51. Kd6 {[%clk 00:16:40]} {[%emt 00:00:43]} h6
{[%clk 00:16:04]} {[%emt 00:02:50]} 1/2-1/2